000 00412nam a2200169Ia 4500
008 230711s9999||||xx |||||||||||||| ||und||
020 _a978-81-317-2093-6
041 _aENG
082 _a621
_bST-W
100 _aStallings,William
245 0 _aWireless communication networks
250 _a2nd Ed.
260 _c2012
_aNew Delhi
_bPearson
300 _a559
650 _aElectronics Engineering
942 _cBK
999 _c4543
_d4543